000
00274nam a2200109Ia 4500
008
190216s9999||||xx |||||||||||||| ||und||
100
_a
Rajendra Pal
245
0
_a
Objective Type Question In General Knowledge
260
_b
S Chand & Co
650
_a
References
942
_c
REF
999
_c
35732
_d
35732